Word Ladder: WWE's Hitman Quiz Stats

 Plays Quiz Updated Jul 9, 2017

Support Sporcle.
Go Orange.
Score 0/12 Timer 01:30
0 Plays Today
Clue 4-Letter Word % Correct
Dark red root vegetableBEET
86.7%
Go from ice to waterMELT
86.2%
EncounterMEET
83.1%
A place to make a wishWELL
82.9%
In the WWE, he's 'The Hitman': First nameBRET
82.4%
Relative of a rabbitHARE
78.8%
Mark left by a whipWELT
78.6%
In the WWE, he's 'The Hitman': Last nameHART
76.6%
A fabricated storyTALE
72.9%
Ceiling supporterWALL
72.7%
Of great statureTALL
71.7%
In good healthHALE
65.7%

Today's Daily Dose

You're not logged in!

Compare scores with friends on all Sporcle quizzes.
OR
Log In
Forgot?

From the Vault

MLB National League MVPs (2010s)

by Propellerhead

"Second Most Valuable Player" just didn't have as much of a ring to it.
Remove Ads.
Support Sporcle.
Get the best of Sporcle when you Go Orange. This ad-free experience offers more features, more stats, and more fun while also helping to support Sporcle. Thank you for becoming a member.

Show Comments

Extras

Top Quizzes Today


Score Distribution

Your Account Isn't Verified!

In order to create a playlist on Sporcle, you need to verify the email address you used during registration. Go to your Sporcle Settings to finish the process.

Report this User

Report this user for behavior that violates our Community Guidelines.

Details: